书目信息 |
| 题名: |
有限元方法编程
|
|
| 作者: | 史密斯 , Smith , 格里菲思 , Griffiths 著 ;王崧 | |
| 分册: | ||
| 出版信息: | 北京 电子工业出版社 2003.9 |
|
| 页数: | 418页 | |
| 开本: | 26cm | |
| 丛书名: | 有限元技术丛书 | |
| 单 册: | ||
| 中图分类: | O241.82 | |
| 科图分类: | ||
| 主题词: | 有限元法--程序设计 , 有限元法 , 程序设计 | |
| 电子资源: | ||
| ISBN: | 7-5053-9115-1 | |
| 000 | 01630nam0 2200385 45 | |
| 001 | 012004099564 | |
| 005 | 20051207160830.40 | |
| 010 | @a7-5053-9115-1@dCNY48.00 | |
| 100 | @a20040209d2003 em y0chiy0121 ea | |
| 101 | 1 | @achi@ceng |
| 102 | @aCN@b110000 | |
| 105 | @ay z 000yy | |
| 200 | 1 | @a有限元方法编程@Ayou xian yuan fang fa bian cheng@dProgramming the finite element method, third edition@f(美)[I. M. 史密斯]I. M. Smith,(美)[D. V. 格里菲思]D. V. Griffiths著@g王崧等译@zeng |
| 210 | @a北京@c电子工业出版社@d2003.9 | |
| 215 | @a418页@d26cm | |
| 225 | 2 | @a有限元技术丛书 |
| 304 | @a书名原文:Programming the finite element method, third edition | |
| 304 | @a本书译者为:王菘、周坚鑫、王来等 | |
| 305 | @aJohn Wiley & Sons授权出版,据原书第3版译出 | |
| 330 | @a本书内容涉及使用有限元来解决固体及液体问题的微分方程、微分方程的算法实现与程序,以及在各个领域的应用。 | |
| 333 | @a读者对象:学习有限元编程技术的读者,从事有关有限元程序设计及应用的技术人员 | |
| 454 | 0 | @1010 @a0-471-96543-X@12001 @aProgramming the finite element method@1205 @aThird edition@1210 @a[s.l.]@cJohn Wiley & Sons, Inc.@d1998@1701 1@aSmith@bI. M. |
| 461 | 0 | @12001 @a有限元技术丛书 |
| 510 | 1 | @aProgramming the finite element method@eThird edition@zeng |
| 606 | 0 | @a有限元法@x程序设计 |
| 606 | 0 | @a有限元法 |
| 606 | 0 | @a程序设计 |
| 690 | @aO241.82@v4 | |
| 701 | 1 | @a史密斯@Ashi mi si@bI. M.@4著 |
| 701 | 1 | @aSmith@bI. M.@4著 |
| 701 | 1 | @a格里菲思@Age li fei si@bD. V.@4著 |
| 701 | 1 | @aGriffiths@bD. V.@4著 |
| 702 | 0 | @a王崧@Awang song@b译 |
| 801 | 0 | @aCN@bSRXX@c20051207 |
| 905 | @a10447@dO241.82@eS580 | |
| 有限元方法编程=Programming the finite element method, third edition/(美)[I. M. 史密斯]I. M. Smith,(美)[D. V. 格里菲思]D. V. Griffiths著/王崧等译.-北京:电子工业出版社,2003.9 |
| 418页;26cm.-(有限元技术丛书) |
| 使用对象:读者对象:学习有限元编程技术的读者,从事有关有限元程序设计及应用的技术人员 |
| ISBN 7-5053-9115-1:CNY48.00 |
| 本书内容涉及使用有限元来解决固体及液体问题的微分方程、微分方程的算法实现与程序,以及在各个领域的应用。 |
| ● |
| 相关链接 |
|
|
|
正题名:有限元方法编程
索取号:O241.82/S580
 
预约/预借
| 序号 | 登录号 | 条形码 | 馆藏地/架位号 | 状态 | 备注 |
| 1 | 546381 | 205463817 | 自科库401/401自科库 79排2列4层/ [索取号:O241.82/S580] | 在馆 | |
| 2 | 546382 | 205463826 | 自科库401/401自科库 79排2列4层/ [索取号:O241.82/S580] | 在馆 | |
| 3 | 546383 | 205463835 | 自科库401/401自科库 79排2列4层/ [索取号:O241.82/S580] | 在馆 |